ပါဠိဘာဏီ၏ပါဠိရေးပြောနည်း = Pali Grammer and Composition / (Record no. 16880)

000 -LEADER
fixed length control field 00911nam a2200205Ia 4500
003 - CONTROL NUMBER IDENTIFIER
control field OSt
005 - DATE AND TIME OF LATEST TRANSACTION
control field 20241007153044.0
007 - PHYSICAL DESCRIPTION FIXED FIELD--GENERAL INFORMATION
fixed length control field ca aa aaaaa
008 - FIXED-LENGTH DATA ELEMENTS--GENERAL INFORMATION
fixed length control field 201103s9999 xx 000 0 und d
040 ## - CATALOGING SOURCE
Transcribing agency SSBUL
041 ## - LANGUAGE CODE
Language code of text/sound track or separate title bur
082 ## - DEWEY DECIMAL CLASSIFICATION NUMBER
Edition number 23
Classification number ၄၉၁.၃၇၅ သုန်
Item number ၉၃၇၆ S-SAT
100 0# - MAIN ENTRY--PERSONAL NAME
Personal name သုန္နရာဘိဝံသ၊ အရှင်
9 (RLIN) 17436
245 10 - TITLE STATEMENT
Title ပါဠိဘာဏီ၏ပါဠိရေးပြောနည်း = Pali Grammer and Composition /
Statement of responsibility, etc. အရှင်သုန္နရာဘိဝံသ။
260 ## - PUBLICATION, DISTRIBUTION, ETC.
Place of publication, distribution, etc. ရန်ကုန် ၊
Name of publisher, distributor, etc. ဇမ္ဗူ့မိတ်ဆွေပိဋကတ်ပုံနှိပ်တိုက်၊
Date of publication, distribution, etc. ၁၉၅၂။
300 ## - PHYSICAL DESCRIPTION
Extent င၊ ၃၆၄ စာ
Dimensions ၁၈ စင်တီ။
500 ## - GENERAL NOTE
General note S-SAT: Dr. Sai Aung Tun
650 ## - SUBJECT ADDED ENTRY--TOPICAL TERM
Topical term or geographic name entry element ပါဠိဘာသာစကား
General subdivision သဒ္ဒါ
942 ## - ADDED ENTRY ELEMENTS (KOHA)
Source of classification or shelving scheme
Koha item type Book (Short term)
Holdings
Withdrawn status Lost status Source of classification or shelving scheme Damaged status Not for loan Collection code Permanent Location Current Location Shelving location Date acquired Total Checkouts Full call number Barcode Date last seen Price effective from Koha item type Accession
          Special Collections Shan State Buddhist University Library Shan State Buddhist University Library Special Collection Shelves 15/02/2023   ၄၉၁.၃၇၅ သုန် ၉၃၇၆ S-SAT MB00009376 15/02/2023 15/02/2023 Book (Short term) ၉၃၇၆ S-SAT

Library - 09407999929
Admin Office - 09407999979
Dean Office - 09250910768
Registrar Office - 09892297154
Email - [email protected]
Shan State Buddhist University, Phaya Phyu Taunggyi, Shan State, Myanmar.